| 000 | 00439nam a2200145 a 4500 | ||
|---|---|---|---|
| 001 | 2973 | ||
| 003 | CDMR | ||
| 005 | 20130116135237.0 | ||
| 008 | 130130s1998||||||||||||||||||||||||||||d | ||
| 040 |
_aCDMR _bcat _cCPC LLEIDA |
||
| 100 | 1 |
_aSaiz Olmo, Jesús _92185 |
|
| 245 | 1 | 0 |
_aNueva radio para nuevos tiempos con nuevos modos entre nuevos medios _cSAIZ OLMO, Jesús |
| 260 |
_aValencia _c1998 _bServicio Publicaciones CEU Valencia |
||
| 942 | _cMON | ||
| 999 |
_c2973 _d2973 |
||